000 00603nam a2200193Ia 4500
003 GCL
008 140319s9999 xx 000 0 ara d
020 _a6095307977
040 _aGCL /
_cGCL
082 0 4 _a005.3 ب ب
100 1 _aسوبلملى
245 1 0 _aمايكر وسوفت يابليشر 2000 /
_cسوبلملى
250 _aالاولى
260 _aالقاهرة :
_bدار الفاروق للنشر والتوزيع ،
_c2000
300 _a1048 ص ؛
_c24 سم
650 0 4 _aالحاسبات الالكترونية - برامج
650 0 4 _aبابليشر 2000
942 _2ddc
_cBK
999 _c2343
_d2343